000 00714nam a2200145Ia 4500
008 100122s9999 xx 000 0 und d
082 _b50405
_a808.5
100 _aसहस्त्रबुध्दे अ म
245 _aस्वातंत्र्यवीर सावरकर यांचे 101 मोलिक विचार
260 _bलोकवाड.मय गृह प्रकाशन
_c1993
300 _a101
630 _aस्वातंत्र्यवीर सावरकर यांचे 101 मोलिक विचार
730 _aस्वातंत्र्यवीर सावरकर यांचे 101 मोलिक विचार
942 _cBOOK
999 _c428133
_d428130